<?xml version="1.0" encoding="UTF-8"?>
<collection xmlns="http://www.loc.gov/MARC21/slim">
 <record>
  <leader>     na                 </leader>
  <controlfield tag="001">INLIS000000000004202</controlfield>
  <controlfield tag="005">20211129013516</controlfield>
  <datafield tag="035" ind1=" " ind2=" ">
   <subfield code="a">0010-0621003802</subfield>
  </datafield>
  <controlfield tag="008">211129                g          0 ind  </controlfield>
  <datafield tag="245" ind1="1" ind2=" ">
   <subfield code="a">Pembimbing Ke Arah Alam Filsafat</subfield>
  </datafield>
  <datafield tag="100" ind1="1" ind2=" ">
   <subfield code="a">I.R Poedjawijatna</subfield>
  </datafield>
  <datafield tag="260" ind1=" " ind2=" ">
   <subfield code="a">Jakarta :</subfield>
   <subfield code="b">Rineka Cipta,</subfield>
   <subfield code="c">2002</subfield>
  </datafield>
  <datafield tag="300" ind1=" " ind2=" ">
   <subfield code="a">208 hlm. ;</subfield>
   <subfield code="c">21 cm.</subfield>
  </datafield>
  <datafield tag="020" ind1=" " ind2=" ">
   <subfield code="a">979-518-124-6</subfield>
  </datafield>
  <datafield tag="084" ind1=" " ind2=" ">
   <subfield code="a">102 POE p</subfield>
  </datafield>
  <datafield tag="520" ind1=" " ind2=" ">
   <subfield code="a">Pembimbing ke arah Alam FilsafatBuku `Pembimbing` terbit pertama kali pada tahun 1963 dan cetakan yang terakhir merupakan cetakan yang kelima dan terbitan ini pun sudah habis. Rupa-rupanya buku yang sederhana ini mencapai tujuannya juga, yaitu: membimbing para pembaca kepada alam pemikiran yang disebut `filsafat` melalui sejarahnya. Penulis amat yakin, bahwa buku ini banyak juga kekurangan-nya untuk bertindak sebagai pawang bagi saudara-saudara untuk tidak tersesat dalam labirint hasil pemikiran para ahli pikir itu. Walaupun demikian waktu cetakan keempat habis terjual, dari beberapa pihak adalah usul kepada kami, supaya buku `pembirnbing` ini dicetak lagi, syukur kalau bisa kembali ke cetakan pertama mengenai isi dan metodosnya. Adapun alasan mereka untuk mengusulkan itu ialah: Buku yang terkenal sebagai `Pembimbing` itu amat sederhana bahasanya, lagi pula dianggap jelas jalan pikirannya untuk memaparkan buah pikiran para ahli pikir yang mengandung kebijaksanaan itu. Pendapat penulis tentang aliran-aliran filsafat dengan jelas diutarakan mengapa ia setuju atau tidak setuju sehingga tidak membingungkan para pembaca. Pertanyaan-pertanyaan dibelakang bagian-bagian tertentu merupakan kontrole bagi para pembaca untuk mengetahui apa mereka sudah memahami hal-hal yang telah dibaca ataukah belum. &lt;/ul&gt; Semoga bermanfaat bagi pembaca sekalian. by iwn.</subfield>
  </datafield>
  <datafield tag="082" ind1=" " ind2=" ">
   <subfield code="a">102</subfield>
  </datafield>
  <datafield tag="650" ind1=" " ind2="4">
   <subfield code="a">Sejarah</subfield>
  </datafield>
  <datafield tag="650" ind1=" " ind2="4">
   <subfield code="a">Filsafat</subfield>
  </datafield>
  <datafield tag="990" ind1=" " ind2=" ">
   <subfield code="a">014433</subfield>
  </datafield>
  <datafield tag="990" ind1=" " ind2=" ">
   <subfield code="a">051237</subfield>
  </datafield>
  <datafield tag="990" ind1=" " ind2=" ">
   <subfield code="a">051238</subfield>
  </datafield>
  <datafield tag="990" ind1=" " ind2=" ">
   <subfield code="a">051240</subfield>
  </datafield>
  <datafield tag="990" ind1=" " ind2=" ">
   <subfield code="a">051241</subfield>
  </datafield>
  <datafield tag="990" ind1=" " ind2=" ">
   <subfield code="a">014434</subfield>
  </datafield>
  <datafield tag="990" ind1=" " ind2=" ">
   <subfield code="a">014435</subfield>
  </datafield>
  <datafield tag="990" ind1=" " ind2=" ">
   <subfield code="a">014432</subfield>
  </datafield>
  <datafield tag="990" ind1=" " ind2=" ">
   <subfield code="a">037344</subfield>
  </datafield>
  <datafield tag="990" ind1=" " ind2=" ">
   <subfield code="a">037345</subfield>
  </datafield>
  <datafield tag="990" ind1=" " ind2=" ">
   <subfield code="a">037346</subfield>
  </datafield>
  <datafield tag="990" ind1=" " ind2=" ">
   <subfield code="a">037348</subfield>
  </datafield>
 </record>
</collection>
